000 01109nam a22003377a 4500
001 BR8500444
003 BR-BrBNA
005 20230928092039.0
007 ta
008 230509b bl.||||| |||| 00| 0 por d
040 _aBR-BrBNA
_bpor
_cBiblioteca Nacional de Agricultura
041 _a(Por)
072 _aK20; K10; P20
_b/G514
090 _ K20 BR8500444
110 1 _aInstituto Brasileiro de Desenvolvimento Florestal, Brasilia, DF. Depto. de Economia Florestal
_95737
245 1 _aDiagnostico do setor florestal do estado de Mato Grosso [reflorestamento, Brasil]
246 1 _a[Diagnosis on the forestry sector of the state of Mato Grosso [reforestation, Brazil]]
260 3 _aBrasilia, DF (Brasil):
_c1984.
300 _a354 p.
500 _a101 tables; Bibliography p. 337-390; (58 ref.)
650 _aDESENVOLVIMENTO FLORESTAL
650 _aMATO GROSSO
650 _aVEGETACAO
650 _aREFLORESTAMENTO
650 _aCOMERCIALIZACAO
650 _aPARQUE NACIONAL
650 _aDIAGNOSTICO
650 _aMATO GROSSO
909 _a202309
_bLucia
_c55
_dLucia Elande
942 _cBK
999 _c36882
_d36882